000 00384nam a2200157Ia 4500
008 220805s9999 xx 000 0 und d
020 _a978-0-486-43208-3
041 _aeng
082 _a742
100 _aDamelio, Joseph
_988463
260 _aNew York
_bTudor Pub co.
_c2004
245 _aPerspective Drawing Handbook
250 _a1
300 _a96
650 _aPerspective
_988464
999 _c48687
_d48687